000 00216nam a2200097Ia 4500
008 240331s9999 xx 000 0 und d
082 _bVAS
100 _aVasanth,S
245 0 _aThakkayin meedhu nangu kangal
942 _cL
999 _c4658
_d4658